00561nam a2200193 a 4500001001300000003000900013005001700022008004100039020002300080082001700103100001900120245008100139260004500220300000900265500003500274505001000309650002900319700001900348nice12345678IN_TiNIC20260116013211.0050524s1987 newa grp 000 0 eng  a1569242 c43700a291.211bSHI aShinn, Larry D aIn Search of the Divineb Some Unexpected Consequences of Interfaith Dialoge aNew YorkbParagon House Publishersc1987 a146p aincludes index and biblioraphy2 aIndex aComparative Religion-God1 aShinn, Larry D